000
00208 a2200097 4500
001
42533
100
_a
Tzu Sun
245
_a
The art of War
260
_a
Lahore
_b
Oxford Univ press
_c
090
_c
26445
_d
26445
942
_a
NUST-CAE
_c
M
_c
18275
999
_c
277606
_d
277606